| 000 | 00747cam a22002657a 4500 | ||
|---|---|---|---|
| 001 | 15662246 | ||
| 003 | OSt | ||
| 005 | 20250901165814.0 | ||
| 008 | 090317s2008 ke 000 d swa | ||
| 010 | _a 2009349242 | ||
| 020 | _z9789966363106 | ||
| 040 |
_aDLC _cDLC |
||
| 042 | _alcode | ||
| 050 | 0 | 0 | _aPL 8702 .M64 2008 |
| 100 | 1 |
_aMohamed, Said Ahmed, _d1947- |
|
| 245 | 1 | 0 |
_aPosa za Bikisiwa / _cSaid A. Mohamed, Kitula G. King'ei. |
| 260 |
_aNairobi : _bSasa Sema, _c2008. |
||
| 300 |
_a80 p. ; _c21 cm. |
||
| 520 | _aA play. | ||
| 546 | _aIn Swahili. | ||
| 700 | 1 | _aKing'ei, Kitula G. | |
| 906 |
_a7 _bcbc _corigode _d4 _encip _f20 _gy-gencatlg |
||
| 942 |
_2lcc _cBK |
||
| 999 |
_c9451 _d9451 |
||